000 00544nam a2200229Ia 4500
003 a4922
005 20260318155304.0
008 260318t2013||||xx |||||||||||||| ||spa||
020 _a978-9974 009752
040 _aISTHMUSSpaISTHMUS
082 _a720.77
_b C 138
100 _aAcayaba, Marcos
245 0 _b[Entrevistas 2]
260 _bcoleccion entrevista
_c2013
300 _a165 pág
300 _bRetratos
490 _aUruguay
500 _aContiene Indice
600 _aAcayaba, Marcos
650 _aUruguay
942 _clibros
999 _c6225
_d6225